00739nam a2200241 a 4500001001300000003000900013005001700022008004100039020002300080082002000103100002000123245006300143260002900206300000900235500003500244505001000279650003500289700002000324902000800344942000700352952012100359999001700480nice12345678IN_TiNIC20260116013930.0050524s1992 dela grp 000 0 eng  a8170300 c45000a291.820954bTIM aTimm, Jeffrey R aTexts in Contextb Traditional Hermeneutics in South Asia. aDelhibSri Satguruc1992 a324p aincludes index and biblioraphy2 aindex aHermeneutics-Religious Aspects1 aTimm, Jeffrey R bSRS cBK 001040708StackRoom-aHMIbHMId2007-07-20g450.00l0o291.820954 TIMp017706r2007-07-20v450.00w2005-05-24yBK c13160d13160